000 01049cam a22002174a 4500
005 20250605164158.0
008 250528s ||||||||||||||||||||||||d
035 _a19681
020 _a9603514535
040 _aGR-AtMCL
_bgre
_dGR-AtMCL
_eAACR2
245 1 _aΤΟΥΡΙΣΤΙΚΟ ΜΑΡΚΕΤΙΝΓΚ
250 _a1
260 _bΑ.Σταμουλης,
_c2003
300 _a318
505 0 _aΤΟΥΡΙΣΤΙΚΕΣ ΕΠΙΧΕΙΡΗΣΕΙΣ ΣΤΡΑΤΗΓΙΚΟΣ ΣΧΕΔΙΑΣΜΟΣ ΠΕΡΙΒΑΛΛΟΝ ΚΑΤΑΝΑΛΩΤΙΚΕΣ ΑΓΟΡΕΣ ΣΥΜΠΕΡΙΦΟΡΑ ΚΑΤΑΝΑΛΩΤΗ ΠΟΙΟΤΗΤΑ ΕΣΩΤΕΡΙΚΟ ΜΑΡΚΕΤΙΝΓΚ
520 _aΤΟΥΡΙΣΤΙΚΕΣ ΕΠΙΧΕΙΡΗΣΕΙΣ ΣΤΡΑΤΗΓΙΚΟΣ ΣΧΕΔΙΑΣΜΟΣ ΠΕΡΙΒΑΛΛΟΝ ΚΑΤΑΝΑΛΩΤΙΚΕΣ ΑΓΟΡΕΣ ΣΥΜΠΕΡΙΦΟΡΑ ΚΑΤΑΝΑΛΩΤΗ ΠΟΙΟΤΗΤΑ ΕΣΩΤΕΡΙΚΟ ΜΑΡΚΕΤΙΝΓΚ
700 1 _aΠρωτοπαπαδακης Ιωαννης
_95887
942 _cBK
999 _c4937
_d4937